Statistiques concernant Culture Générale - Série 2104

Cliquez ici pour prendre le quiz!

Statistiques générales

  • Ce quiz a été pris 86 fois
  • Le résultat moyen est 4 sur 10

Statistiques - réponses

QuestionRéponse% Correct
Quelle est la capitale de l'Indonésie ?Jakarta
89%
Dans quel pays se trouve la Grande Barrière de corail ?Australie
83%
A quel célèbre dialoguiste et scénariste doit-on des répliques cultes comme « Quand on mettra les cons sur orbite, t'as pas fini de tourner » (Le Pacha) ou « Les cons, ça ose tout, c’est même à ça qu’on les reconnaît. » (Les tontons flingueurs) ? prénom et nomMichel Audiard
63%
En 1755, dans quelle capitale européenne un séisme fit entre 50 000 et 70 000 victimes ?Lisbonne
58%
Qui a écrit "Sérotonine" en 2019 ? prénom et nom - voir photoMichel Houellebecq
51%
Qui a écrit "Robinson Crusoé " en 1719 ? prénom et nomDaniel Defoe
43%
Ce nom masculin désigne une fausse note musicale, une maladresse, une farine.couac
23%
Qui a a remporté la Route du Rhum 2018, avec IDEC Sport ? prénom et nomFrancis Joyon
6%
Quel est le point culminant des Pyrénées françaises ?Vignemale
5%
Dans quelle ville s'est tenue la C.O.P. 23 sur le changement climatique, du 6 au 17 novembre 2017 ?Bonn
4%

Distribution des résultats

Percentile par nombre de réponses

% des personnes avec chaque résultat

Votre développement - résultats

Vous n’avez pas pris ce quiz